000 00354nam a2200133Ia 4500
008 151213s9999 xx 000 0 und d
245 _aSAS . Companion For The Microsoft Windows Environment Version - 6
250 _a1st
260 _aCary Ne.USA
_bSAS Institute
_c1990
300 _a3106 p.
650 _aComputer
650 _aComputer
999 _c2131
_d2131